000 00645nam a2200229Ia 4500
003 LK-CoDNM
005 20240827151626.0
008 010623t1938 xxu||||| |||| 00| 1 eng d
040 _aLK-CoDNM
_dLK-CoDNM
_eLK-CoDNM
041 _aeng
080 _a22
_bQ29
100 _aMinakshi,C
245 _aAdministration and Social life Under the Pallavas
260 _bUniversity of Madras
_aIndia
_c1938
300 _bxiii, 307p. : 20ill ; 25 cm
500 _aMadras University Historical Series.No.13
650 _aAdministration
650 _aIndian History
650 _aSocial Life
700 _aSastri,K.A.Nilakanta
_eed.
942 _cBK
999 _c98801
_d98801